|
|
|
|
| LEADER |
00801pam a22002418a 4500 |
| 001 |
00039215 |
| 005 |
20171026081025.0 |
| 008 |
170518s2001 ||||||Viesd |
| 041 |
0 |
# |
|a Vie
|
| 082 |
1 |
4 |
|a 895.922 334
|b NG527M
|
| 100 |
1 |
# |
|a Mai, Hương
|
| 245 |
1 |
0 |
|a Nguyễn Minh Châu tài năng và sáng tác nghệ thuật
|c Mai Hương
|
| 260 |
# |
# |
|a Hà Nội
|b Văn hóa - Thông tin
|c 2001
|
| 300 |
# |
# |
|a 568 tr.
|c 24 cm
|
| 653 |
# |
# |
|a Nguyễn Minh Châu
|
| 653 |
# |
# |
|a tài năng và sáng tác
|
| 653 |
# |
# |
|a nghệ thuật
|
| 852 |
# |
# |
|b Kho mượn
|j KM.0022692
|
| 852 |
# |
# |
|b Kho đọc
|j KD.0021944
|
| 852 |
# |
# |
|j KD.0021944
|j KM.0022692
|
| 910 |
|
|
|d 18/05/2017
|
| 980 |
# |
# |
|a Trung tâm Học liệu Lê Vũ Hùng, Trường Đại học Đồng Tháp
|